000 00526nam a2200193Ia 4500
003 GCL
008 140319s9999 xx 000 0 eng d
040 _aGCL /
_cGCL
082 0 4 _a028.703
_bC A
100 1 _aCODLIN, ELLEN
245 1 0 _aThe Aslib directory of Information sources in the United Kingdom /
_cCODLIN, ELLEN
700 1 _aREYNARD, KEITH W.
260 _a[S.N] :
_bASLIB ،
_c1992
300 _a1353 P P
650 0 4 _aINTERNATIONAL SERVICES
650 0 4 _aDIRECTORIES
650 0 4 _aBRITISH
942 _2ddc
_cBK
999 _c14707
_d14707